000085829 001__ 85829
000085829 005__ 20191119144726.0
000085829 037__ $$aTAZ-TFG-2019-503
000085829 041__ $$aspa
000085829 1001_ $$aHerrero Gómez, Ana Isabel
000085829 24200 $$aStandardized care plan for a transgender patient on hormonal treatment
000085829 24500 $$aPlan de cuidados estandarizado ante un paciente transgénero en tratamiento hormonal.
000085829 260__ $$aZaragoza$$bUniversidad de Zaragoza$$c2019
000085829 506__ $$aby-nc-sa$$bCreative Commons$$c3.0$$uhttp://creativecommons.org/licenses/by-nc-sa/3.0/
000085829 520__ $$aIntroducción: Las personas transgénero son aquellas que no se identifican con el sexo asignado al nacer. Este colectivo presenta una mayor incidencia de problemas de salud como la ansiedad o la depresión, pero se encuentran bastante invisibilizados dentro del sistema de Salud, por lo que la capacitación del personal que los atiende no es adecuada.  Objetivos: El objetivo de este trabajo es proponer un plan de cuidados de enfermería que identifique los principales problemas del colectivo trans y proponga los diagnósticos de enfermería, resultados e intervenciones oportunos.  Metodología: Para realizar este plan de cuidados, se realizó una búsqueda bibliográfica en varias bases de datos (Pubmed, Cuiden, ScienceDirect…) y posteriormente se elaboró un plan de cuidados estandarizado siguiendo la metodología del modelo de Virginia Henderson y las taxonomías NANDA, NOC y NIC, seleccionándose los diagnósticos de enfermería, resultados e intervenciones más oportunos. Desarrollo: En el plan de cuidados se desarrollan tres diagnósticos enfermeros: Disconfort, Conocimientos deficientes y riesgo de baja autoestima situacional. El plan de cuidados se centra en dar información completa al paciente sobre su tratamiento hormonal y en disminuir el impacto de la discriminación en la persona. Conclusión: La mayoría de problemas identificados se organizan entorno al área psicológica, clasificándose en la necesidad 9 (Detectar y evitar peligros, y evitar perjudicar a otros) y 10 (Comunicarse con los demás expresando emociones, necesidades, temores u opiniones) de Virginia Henderson. Una correcta valoración y planificación son necesarias para proporcionar cuidados enfermeros adecuados para este tipo de pacientes.  Palabras clave: Personas Transgénero, Transexualismo, Disforia de género, Atención de Enfermería, Proceso de Enfermería.<br />
000085829 521__ $$aGraduado en Enfermería
000085829 540__ $$aDerechos regulados por licencia Creative Commons
000085829 700__ $$aHijós Larraz, Luis Alfonso$$edir.
000085829 700__ $$aBarajas Gracia, Cristina$$edir.
000085829 7102_ $$aUniversidad de Zaragoza$$bFisiatría y Enfermería$$cEnfermería
000085829 8560_ $$f721254@celes.unizar.es
000085829 8564_ $$s1077038$$uhttps://zaguan.unizar.es/record/85829/files/TAZ-TFG-2019-503.pdf$$yMemoria (spa)
000085829 909CO $$ooai:zaguan.unizar.es:85829$$pdriver$$ptrabajos-fin-grado
000085829 950__ $$a
000085829 951__ $$adeposita:2019-11-19
000085829 980__ $$aTAZ$$bTFG$$cENFHUES
000085829 999__ $$a20190425101803.CREATION_DATE